LEADER 01394cam0-22005051i-450- 001 990000758520403321 005 20091215115322.0 010 $a88-15-00215-4 035 $a000075852 035 $aFED01000075852 035 $a(Aleph)000075852FED01 035 $a000075852 100 $a20020821d1983----km-y0itay50------ba 101 1 $aita$ceng 102 $aIT 105 $ay-------001yy 200 1 $aCittà, storia, società$fa cura di Philip Abrams e Edward A. Wrigley 210 $aBologna$cIl Mulino$d1983 215 $a298 p.$d21 cm 225 1 $aProblemi e prospettive$iSerie di storia$v7 454 0$12001$aTowns in societies$958488 610 0 $aCittà 610 0 $aUrbanistica 676 $a711 676 $a307.7609 702 1$aAbrams,$bPhilip 702 1$aWrigley,$bEdward Anthony$f<1931> 801 0$aIT$bUNINA$gRICA$2UNIMARC 901 $aBK 912 $a990000758520403321 952 $aSDI-KT 79$b3057$fSDI 952 $aXXI COLL. 165 (7)$b26641*$fFGBC 952 $aSE 110.01.30-$b4895$fDECSE 952 $aXI A 1231$b25764$fFSPBC 952 $a307.7 ABR 1$bDip.d.s.1163$fFLFBC 952 $aURB.LE B 479$b617A$fFARBC 952 $aURB.LE B 480$b617B$fFARBC 959 $aFARBC 959 $aFGBC 959 $aDECSE 959 $aFSPBC 959 $aFLFBC 959 $aSDI 996 $aTowns in societies$958488 997 $aUNINA LEADER 02544nam 22006013 450 001 9910130568703321 005 20240424225804.0 010 $a88-8453-875-0 035 $a(CKB)3400000000020574 035 $a(ItFiC)it 02414242 035 $a(oapen)https://directory.doabooks.org/handle/20.500.12854/82566 035 $a(MiAaPQ)EBC31860833 035 $a(Au-PeEL)EBL31860833 035 $a(Perlego)3249825 035 $a(OCoLC)1492941252 035 $a(EXLCZ)993400000000020574 100 $a20101102d2009 uy 0 101 0 $aita 135 $aurmn|---annan 181 $ctxt$2rdacontent 182 $cc$2rdamedia 183 $acr$2rdacarrier 200 13$aLa consegna dei testimoni tra letteratura e critica $ea partire da Nerval, Valéry, Foscolo, D'Annunzio /$fLuciano Curreri 205 $a1st ed. 210 $aFirenze $cFirenze University Press$d2009 215 $a188 p. ;$d24 cm 225 1 $aFonti storiche e letterarie ? Edizioni cartacee e digitali 225 0$aFonti storiche e letterarie.$pEdizioni cartacee e digitali ;$v22 300 $aCollection of already publ. writings. 311 08$a88-5518-841-0 311 08$a88-8453-851-3 320 $aIncludes bibliographical references. 330 $aAt bottom, youth also ? and perhaps primarily ? serves this purpose: to make room for the other, that is deconstructing oneself with a view to a reconstruction that is always implied in such a perspective. Moreover, those who do not manage to do so when they are young will have greater difficulty making room for the gift of the other when they are old, unless they wish to identify with that gift, albeit threatening the survival of critical capacity with a belated and excessive display of the self to the other. (From the author's Foreword) 410 0$aFonti Storiche e Letterarie - Edizioni Cartacee e Digitali Series 517 $aConsegna dei testimoni tra letteratura e critica 517 $aLa consegna dei testimoni tra letteratura e critica 606 $aLiterature: history & criticism$2bicssc 610 $aLetteratura italiana 610 $aNerval 610 $aValery 610 $aFoscolo 610 $ad'Annunzio 615 7$aLiterature: history & criticism 676 $a809 676 $a851 676 $a841 700 $aCurreri$b Luciano$f1966-$0731610 801 0$bItFiC 801 1$bItFiC 906 $aBOOK 912 $a9910130568703321 996 $aLa consegna dei testimoni tra letteratura e critica$92116996 997 $aUNINA